| 000 | 00948nam a22002417a 4500 | ||
|---|---|---|---|
| 999 |
_c64907 _d64907 |
||
| 005 | 20240530110757.0 | ||
| 008 | 190113s2017 ua f b 000 0|ara d | ||
| 017 |
_a2017/8631 _bمصر. دار الكتب |
||
| 020 | _a9789779112695 | ||
| 040 |
_aEG-CaGPL _cEG-CaGPL |
||
| 082 | 0 | 4 |
_221 _a303.482 / _bق/م م |
| 100 | 0 | _aمحمد رجب زكى تمام | |
| 245 | 1 | 2 |
_aالمجتمع المصرى والثقافة الغربية : _b1798 - 1952 / _cمحمد رجب زكى تمام |
| 250 | _aط.1 | ||
| 260 |
_aالقاهرة : _bالهيئة المصرية العامة للكتاب، _c2017. |
||
| 300 |
_a386 ص. ؛ _c24 سم. |
||
| 504 | _aيشتمل على ارجاعات ببليوجرافية | ||
| 650 | 0 | 7 |
_2qrmak _aالثقافة الغربية |
| 650 | 0 | 7 |
_2qrmak _aالمجتمع المصرى |
| 651 | 0 | 7 |
_2qrmak _aمصر _xالاحوال الاجتماعية |
| 942 |
_2ddc _cBK |
||